Maths : Fractions - Statistiques

Statistiques générales
  • Ce quiz a été pris 761 fois
    716 depuis la dernière actualisation
  • Le résultat moyen est 10 sur 20
Statistiques - réponses
Hint Réponse % Correct
40/20 2
94%
2/5 0,4
86%
3/9 0,33
79%
5/4 1,25
76%
1/5 0,2
68%
3/4 0,75
67%
1,5 3/2
51%
0,5 1/2
50%
0,2 1/5
48%
5/45 0,11
44%
35/15 2,33
38%
0,01 1/100
36%
0,99 99/100
36%
0,6 3/5
32%
8/9 0,89
31%
0,16 4/25
31%
0,63 63/100
29%
0,77 77/100
25%
1/8 0,13
24%
0,56 14/25
13%
Aucun quiz correspondant
Distribution des résultats
% des personnes avec chaque résultat
Percentile par nombre de réponses
Votre historique - résultats
Vous n’avez pas pris ce quiz depuis la dernière actualisation